[Event "Vårsjakken i Tromsø NGP 2024"]
[Site "Tromsø Sjakklubb"]
[Date "2024.03.16"]
[Round "4"]
[White "Hammari, Vinjar"]
[Black "Røyset, Pål Nikolai"]
[Result "1-0"]
[WhiteElo "1997"]
[BlackElo "2070"]
[PlyCount "126"]
[EventDate "2024.??.??"]

1. e4 c5 2. Nc3 Nc6 3. Bb5 Nd4 4. Nf3 a6 5. Bd3 e6 6. Nxd4 cxd4 7. Ne2 d5 8.
O-O dxe4 9. Bxe4 Nf6 10. Bf3 d3 11. cxd3 Qxd3 12. Nf4 Qd6 13. d4 Be7 14. Qb3
O-O 15. Rd1 Bd7 16. Be3 Rac8 17. a4 b5 18. axb5 Bxb5 19. h4 Rb8 20. Qa3 Rfc8
21. Nd3 Qd8 22. Qa5 Nd5 23. Qxd8+ Rxd8 24. Bxd5 Rxd5 25. g3 Rbd8 26. Nf4 R5d7
27. Nd3 f6 28. Nf4 Kf7 29. Rdc1 e5 30. dxe5 fxe5 31. Ng2 Ke6 32. Ne1 Kf5 33.
Nf3 h6 34. Bb6 Re8 35. Be3 Bf6 36. Rc5 Red8 37. Kg2 Rd5 38. Rac1 Rxc5 39. Rxc5
Ke4 40. Nd2+ Kd3 41. Rc3+ Ke2 42. Nf3 e4 43. Rc2+ Kd1 44. Rc1+ Ke2 45. Ng1+ Kd3
46. Nh3 g5 47. hxg5 hxg5 48. Nxg5 Bxg5 49. Bxg5 Re8 50. Be3 Ke2 51. Rc2+ Kd1
52. Rc1+ Ke2 53. g4 Bd3 54. Kg3 Rb8 55. Bd4 Kd2 56. Ra1 Rd8 57. Bc3+ Kc2 58. g5
Rd5 59. Kf4 Rd6 60. Rg1 Rg6 61. Rg3 a5 62. Re3 a4 63. Bf6 Kb3 1-0

[Event "Vårsjakken i Tromsø NGP 2024"]
[Site "Tromsø Sjakklubb"]
[Date "2024.03.16"]
[Round "4"]
[White "Skagseth, Håvard M"]
[Black "Hegelund, Ole Jakob"]
[Result "1/2-1/2"]
[WhiteElo "2046"]
[BlackElo "1838"]
[PlyCount "45"]
[EventDate "2024.??.??"]

1. d4 d5 2. c4 c6 3. Nc3 Nf6 4. Bg5 e6 5. e3 Be7 6. Qc2 O-O 7. Nf3 h6 8. Bh4 b6
9. Ne5 Bb7 10. Be2 dxc4 11. Bf3 Nd5 12. Bxe7 Qxe7 13. Nxc4 c5 14. O-O cxd4 15.
exd4 Rd8 16. Rfe1 Nb4 17. Qe2 Rxd4 18. Nb5 Rd8 19. Bxb7 Qxb7 20. Ncd6 Qe7 21.
Qe4 N8c6 22. a3 Nd5 23. Nc4 1/2-1/2

[Event "Vårsjakken i Tromsø NGP 2024"]
[Site "Tromsø Sjakklubb"]
[Date "2024.03.16"]
[Round "4"]
[White "Halvorsen, Benjamin"]
[Black "Valvåg, Torbjørn"]
[Result "1/2-1/2"]
[WhiteElo "1848"]
[BlackElo "2028"]
[PlyCount "164"]
[EventDate "2024.??.??"]

1. e4 e6 2. d4 d5 3. Nd2 dxe4 4. Nxe4 Nd7 5. Nf3 Ngf6 6. Bg5 Be7 7. Nxf6+ Nxf6
8. Bd3 O-O 9. Qe2 Nd5 10. Qe4 f5 11. Qh4 Bxg5 12. Nxg5 h6 13. Nf3 Nb4 14. Qxd8
Nxd3+ 15. cxd3 Rxd8 16. Rc1 c6 17. Kd2 Rd6 18. h4 g6 19. Ke3 Bd7 20. Ne5 Be8
21. f4 Rad8 22. Nf3 c5 23. Rxc5 Bc6 24. Ne5 Rxd4 25. Rd1 Be4 26. g3 a6 27. Rc3
b5 28. Rdc1 Bg2 29. R1c2 Bh1 30. Rc8 Bb7 31. Rxd8+ Rxd8 32. Rc7 Bd5 33. a3 Rd6
34. Nxg6 Bb3 35. Ne5 h5 36. Nd7 Bd1 37. Nf6+ Kf8 38. Rh7 Rc6 39. Kd2 Bb3 40.
Nxh5 Rc2+ 41. Ke3 Rxb2 42. Ra7 Bd1 43. Nf6 Rg2 44. Rxa6 Rxg3+ 45. Kd2 Bb3 46.
Rb6 Ba4 47. Rxe6 Kf7 48. Rb6 Rg2+ 49. Ke3 Rg3+ 50. Kd2 Rg2+ 51. Kc3 Ra2 52. Kb4
Rb2+ 53. Kc5 Rb3 54. d4 Rxa3 55. Nd5 Rh3 56. Rf6+ Kg7 57. Rxf5 Rxh4 58. Kd6 Bc2
59. Rg5+ Kf7 60. Nb4 Bb1 61. Ke5 Rh6 62. d5 Rh1 63. Kd6 Rh4 64. Ke5 Rh1 65. Rg2
Re1+ 66. Kd6 Re4 67. Rb2 Re1 68. Kc7 Bf5 69. Nc6 Re4 70. Rf2 b4 71. d6 b3 72.
d7 Bxd7 73. Kxd7 b2 74. Ne5+ Kf6 75. Ng4+ Kf5 76. Nh6+ Kg6 77. f5+ Kxh6 78.
Rxb2 Kg5 79. Rb5 Kf6 80. Ra5 Re5 81. Rxe5 Kxe5 82. f6 Kxf6 1/2-1/2

[Event "Vårsjakken i Tromsø NGP 2024"]
[Site "Tromsø Sjakklubb"]
[Date "2024.03.16"]
[Round "4"]
[White "Remman, Frank Robert"]
[Black "Tørfoss, Sivert Schanche"]
[Result "0-1"]
[WhiteElo "1890"]
[BlackElo "1993"]
[PlyCount "88"]
[EventDate "2024.??.??"]

1. d4 Nf6 2. c4 e6 3. g3 Bb4+ 4. Nd2 c5 5. a3 Bxd2+ 6. Qxd2 cxd4 7. Nf3 b6 8.
Bg2 Bb7 9. Qxd4 O-O 10. O-O Nc6 11. Qd1 Qe7 12. Bf4 d5 13. cxd5 Nxd5 14. Bg5
Nf6 15. b4 Rfd8 16. Qb3 e5 17. Qb2 Nd4 18. Nxd4 Bxg2 19. Nf5 Qb7 20. Qxe5 Re8
21. Qb2 Bh3 22. Nh4 Ne4 23. Be3 Bxf1 24. Rxf1 Qd5 25. Bd4 Ng5 26. f3 Ne6 27.
Bf2 Rad8 28. Rc1 Qd2 29. Rc2 Qd1+ 30. Kg2 Nd4 31. Rd2 Qb3 32. Qa1 Nc2 33. Qe5
Rc8 34. Qg5 h6 35. Qg4 Rc6 36. Qd7 Qe6 37. Qxa7 Ne3+ 38. Kh1 Rc1+ 39. Bg1 Nf1
40. Rb2 Qh3 41. Nf5 Qxf5 42. Qxb6 Nxg3+ 43. Kg2 Nxe2 44. Qf2 Qg6+ 0-1

[Event "Vårsjakken i Tromsø NGP 2024"]
[Site "Tromsø Sjakklubb"]
[Date "2024.03.16"]
[Round "4"]
[White "Wernberg, Nikolai Olsen"]
[Black "Rostad, Birk Sæther"]
[Result "1/2-1/2"]
[WhiteElo "1881"]
[BlackElo "1955"]
[PlyCount "95"]
[EventDate "2024.??.??"]

1. Nf3 d5 2. g3 g6 3. c4 c6 4. Bg2 Bg7 5. O-O e5 6. cxd5 cxd5 7. d3 Ne7 8. e4
O-O 9. b3 Nbc6 10. Nbd2 Nb4 11. Qe2 d4 12. Nc4 Nec6 13. a3 Na6 14. b4 b5 15.
Ncd2 Qb6 16. Ne1 Be6 17. f4 f6 18. Nef3 Rac8 19. f5 gxf5 20. Nh4 fxe4 21. Bxe4
Ne7 22. Qh5 f5 23. Nxf5 Bxf5 24. Bxf5 Rxf5 25. Rxf5 Nxf5 26. Qxf5 Rf8 27. Qe4
Qf6 28. Qe2 Nc7 29. Bb2 Nd5 30. Rf1 Qe7 31. Rxf8+ Qxf8 32. Qe4 Ne3 33. Nf3 Nd1
34. Ba1 Qf7 35. Qe2 Ne3 36. Ng5 Qb3 37. Bb2 Qa2 38. h4 h6 39. Nf3 Qb1+ 40. Kh2
Nd1 41. Bxd4 exd4 42. Qe6+ Kf8 43. Qd6+ Kf7 44. Qd7+ Kf8 45. Qd6+ Kf7 46. Qd7+
Kf8 47. Qd8+ Kf7 48. Qd7+ 1/2-1/2

[Event "Vårsjakken i Tromsø NGP 2024"]
[Site "Tromsø Sjakklubb"]
[Date "2024.03.16"]
[Round "5"]
[White "Røyset, Pål Nikolai"]
[Black "Valvåg, Torbjørn"]
[Result "0-1"]
[WhiteElo "2070"]
[BlackElo "2028"]
[PlyCount "108"]
[EventDate "2024.??.??"]

1. e4 e6 2. d4 d5 3. Nc3 Bb4 4. e5 c5 5. a3 Bxc3+ 6. bxc3 Ne7 7. Nf3 b6 8. Bb5+
Bd7 9. Bd3 c4 10. Be2 Ba4 11. h4 h6 12. h5 Kd7 13. Nh4 Qg8 14. Ra2 Nbc6 15. Bg4
Qh7 16. Qe2 Raf8 17. Rh3 g5 18. Nf3 b5 19. Nh2 Ra8 20. f4 gxf4 21. Rf3 a5 22.
Rxf4 Rhf8 23. Qf2 Ng8 24. Nf1 b4 25. Ne3 Ke7 26. cxb4 axb4 27. axb4 Bb5 28.
Qh4+ Kd7 29. Rxa8 Rxa8 30. Bd2 Ra1+ 31. Bd1 Ba4 32. Qf2 Ke8 33. Bc3 Rb1 34. Qd2
Na7 35. Kf2 Nb5 36. Bf3 Ne7 37. Kg3 Na3 38. Bd1 Nb5 39. Ng4 Qg7 40. Be2 Qg5 41.
Rf1 Nf5+ 42. Kf2 Nxc3 43. Qxc3 Qh4+ 44. g3 Rxf1+ 45. Kxf1 Nxg3+ 46. Kg2 Nxe2
47. Qf3 Nxd4 48. Qf4 Nf5 49. Nf6+ Kd8 50. Qxh4 Nxh4+ 51. Kh3 Nf5 52. c3 d4 53.
Ne4 Bc6 54. Nd2 dxc3 0-1

[Event "Vårsjakken i Tromsø NGP 2024"]
[Site "Tromsø Sjakklubb"]
[Date "2024.03.16"]
[Round "5"]
[White "Wernberg, Nikolai Olsen"]
[Black "Skagseth, Håvard M."]
[Result "1/2-1/2"]
[WhiteElo "1881"]
[BlackElo "2046"]
[PlyCount "130"]
[EventDate "2024.??.??"]

1. Nf3 c5 2. g3 Nc6 3. Bg2 g6 4. O-O Bg7 5. c4 e6 6. Nc3 Nge7 7. d4 Nxd4 8.
Nxd4 cxd4 9. Nb5 O-O 10. Nxd4 d5 11. cxd5 Nxd5 12. e4 Nb6 13. Nb3 Bd7 14. Qe2
a6 15. Rd1 Qe7 16. Be3 Bb5 17. Qe1 Na4 18. Bd4 e5 19. Bc3 Nxc3 20. Qxc3 Rac8
21. Qe3 Rc2 22. Rd2 Rfc8 23. Rad1 Bf6 24. h4 Qf8 25. Bf1 Ba4 26. Rxc2 Rxc2 27.
Rd2 Bxb3 28. axb3 Rc7 29. Bc4 Be7 30. Qf3 Bc5 31. h5 Bd4 32. hxg6 hxg6 33. Kg2
Kg7 34. Bd5 Qe7 35. Qd3 a5 36. Rc2 Rxc2 37. Qxc2 b6 38. Qc6 Qf6 39. Qxf6+ Kxf6
40. Kf3 Ke7 41. Ke2 Bxb2 42. Kd3 f5 43. f3 Kf6 44. Bc4 Bd4 45. Ke2 Ke7 46. Bd3
f4 47. gxf4 exf4 48. Bc4 Kd6 49. Kd3 Kc5 50. b4+ axb4 51. Bb3 g5 52. Be6 Bf6
53. Bb3 g4 54. fxg4 Bg5 55. Bd1 b3 56. Bxb3 b5 57. e5 f3 58. Bd1 f2 59. Ke2 Kd5
60. Kxf2 Kxe5 61. Be2 b4 62. Bc4 Kd4 63. Bf7 Kc3 64. Kf3 b3 65. Bxb3 Kxb3
1/2-1/2

[Event "Vårsjakken i Tromsø NGP 2024"]
[Site "Tromsø Sjakklubb"]
[Date "2024.03.16"]
[Round "5"]
[White "Tørfoss, Sivert Schanche"]
[Black "Hammari, Vinjar"]
[Result "1/2-1/2"]
[WhiteElo "1993"]
[BlackElo "1997"]
[PlyCount "49"]
[EventDate "2024.??.??"]

1. Nf3 Nf6 2. c4 e6 3. Nc3 d5 4. e3 Be7 5. b3 O-O 6. Bb2 dxc4 7. Bxc4 a6 8. a3
b5 9. Be2 Bb7 10. O-O c5 11. d4 Nbd7 12. dxc5 Nxc5 13. b4 Nce4 14. Qb3 Nxc3 15.
Bxc3 Bd5 16. Qb2 Rc8 17. Rac1 Qb6 18. Bd4 Qb7 19. Rfd1 Rfd8 20. Ne1 Ne8 21. f3
Bf6 22. e4 Rxc1 23. Rxc1 Bc6 24. Bxf6 Nxf6 25. Qc3 1/2-1/2

[Event "Vårsjakken i Tromsø NGP 2024"]
[Site "Tromsø Sjakklubb"]
[Date "2024.03.16"]
[Round "5"]
[White "Hegelund, Ole Jakob"]
[Black "Rostad, Birk Sæther"]
[Result "1/2-1/2"]
[WhiteElo "1838"]
[BlackElo "1955"]
[PlyCount "66"]
[EventDate "2024.??.??"]

1. c4 e5 2. Nc3 Nc6 3. g3 Nf6 4. Bg2 Bb4 5. a3 Bxc3 6. dxc3 O-O 7. Nf3 d6 8.
Bg5 h6 9. Bxf6 Qxf6 10. O-O Be6 11. Nd2 Rfd8 12. Ne4 Qe7 13. b3 d5 14. cxd5
Bxd5 15. Qc2 Rd7 16. c4 Nd4 17. Qb2 Bc6 18. e3 Nf5 19. Rfd1 Rad8 20. Nc3 Bxg2
21. Kxg2 Qg5 22. Qe2 c6 23. Rxd7 Rxd7 24. Rd1 Qd8 25. Rxd7 Qxd7 26. Ne4 b6 27.
Qc2 Kf8 28. Qc3 f6 29. Qb4+ c5 30. Qd2 Qxd2 31. Nxd2 Ke7 32. Kf3 Ke6 33. Ne4
Ne7 1/2-1/2

[Event "Vårsjakken i Tromsø NGP 2024"]
[Site "Tromsø Sjakklubb"]
[Date "2024.03.16"]
[Round "5"]
[White "Halvorsen, Benjamin"]
[Black "Remman, Frank Robert"]
[Result "1-0"]
[WhiteElo "1848"]
[BlackElo "1890"]
[PlyCount "59"]
[EventDate "2024.??.??"]

1. e4 c5 2. Nf3 Nc6 3. Bb5 g6 4. O-O Bg7 5. c3 Nf6 6. Re1 O-O 7. d4 d6 8. Bxc6
bxc6 9. dxc5 d5 10. exd5 cxd5 11. Be3 a5 12. b4 Ng4 13. Bd4 f6 14. c6 axb4 15.
cxb4 Qd6 16. Bc5 Qxc6 17. Rxe7 Rd8 18. Nd4 Qa6 19. Qe1 Bf8 20. Rc7 Bxc5 21.
Rxc5 Qd6 22. g3 Ne5 23. Qc3 Bd7 24. Nd2 Ra4 25. Qb3 Rb8 26. Ne4 Qe7 27. Qxd5+
Kg7 28. f4 Nd3 29. Rc7 Qxb4 30. Qxd7+ 1-0

[Event "Vårsjakken i Tromsø NGP 2024"]
[Site "Tromsø Sjakklubb"]
[Date "2024.03.17"]
[Round "6"]
[White "Skagseth, Håvard M."]
[Black "Røyset, Pål Nikolai"]
[Result "1-0"]
[WhiteElo "2046"]
[BlackElo "2070"]
[PlyCount "105"]
[EventDate "2024.??.??"]

1. e4 c5 2. Nf3 d6 3. d4 cxd4 4. Nxd4 Nf6 5. Nc3 a6 6. Be3 e5 7. Nb3 Be6 8. f3
h5 9. Nd5 Bxd5 10. exd5 Nbd7 11. Qd2 a5 12. a4 Be7 13. Bb5 O-O 14. O-O b6 15.
Rad1 Nc5 16. Nxc5 bxc5 17. Bxc5 dxc5 18. d6 Ra7 19. Rfe1 c4 20. Qe3 Qb8 21.
dxe7 Rxe7 22. Qc5 Re6 23. Bxc4 Rc8 24. Qxa5 Rec6 25. b3 e4 26. fxe4 Ng4 27. e5
Kh7 28. Qd5 Qa7+ 29. Qd4 Qe7 30. h3 Nh6 31. Bd3+ g6 32. a5 Re6 33. b4 f6 34. b5
fxe5 35. Qd5 Rc5 36. Qa8 e4 37. Rxe4 Rce5 38. Rxe5 Rxe5 39. Qf3 Qa7+ 40. b6
Qxa5 41. Qf6 Nf5 42. Bxf5 Rxf5 43. Qe7+ Kh6 44. Qe3+ Kg7 45. Rd7+ Rf7 46. Qd4+
Kg8 47. Rd8+ Rf8 48. Qd5+ Qxd5 49. Rxd5 Rb8 50. Rd6 Kf7 51. c4 g5 52. c5 Ke7
53. Rd5 1-0

[Event "Vårsjakken i Tromsø NGP 2024"]
[Site "Tromsø Sjakklubb"]
[Date "2024.03.17"]
[Round "6"]
[White "Valvåg, Torbjørn"]
[Black "Tørfoss, Sivert Schanche"]
[Result "1-0"]
[WhiteElo "2028"]
[BlackElo "1993"]
[PlyCount "68"]
[EventDate "2024.??.??"]

1. d4 Nf6 2. Bf4 e6 3. Nf3 c5 4. e3 d5 5. Nbd2 Bd6 6. dxc5 Bxf4 7. exf4 Qc7 8.
g3 Qxc5 9. Bd3 O-O 10. O-O b6 11. Qe2 Nbd7 12. Nb3 Qc7 13. Nbd4 Nc5 14. Ne5
Nfe4 15. Nb5 Qe7 16. f3 Nxd3 17. cxd3 Nd6 18. Nd4 Bb7 19. Rac1 Rac8 20. b4 f6
21. Nec6 Bxc6 22. Nxc6 Qd7 23. Nd4 Rfe8 24. Rxc8 Qxc8 25. Qe3 e5 26. Rc1 Qa6
27. fxe5 Rxe5 28. Qd2 Nf5 29. Nxf5 Rxf5 30. f4 g5 31. Qe2 b5 32. Qe8+ Kg7 33.
Rc7+ Kh6 34. Qd7 Kh5 1-0

[Event "Vårsjakken i Tromsø NGP 2024"]
[Site "Tromsø Sjakklubb"]
[Date "2024.03.17"]
[Round "6"]
[White "Hammari, Vinjar"]
[Black "Hegelund, Ole Jakob"]
[Result "1-0"]
[WhiteElo "1997"]
[BlackElo "1838"]
[PlyCount "104"]
[EventDate "2024.??.??"]

1. e4 c5 2. Nc3 Nc6 3. Bb5 Nd4 4. Nf3 Nxb5 5. Nxb5 d5 6. exd5 a6 7. Nc3 Nf6 8.
d4 Nxd5 9. Ne4 cxd4 10. Qxd4 Nf6 11. Qxd8+ Kxd8 12. Neg5 Ke8 13. Ne5 Bf5 14.
Ngxf7 Rg8 15. Ng5 h6 16. Ngf3 Bxc2 17. O-O Rd8 18. Be3 Nd5 19. Bd2 Be4 20. Rfe1
Bxf3 21. Nxf3 g5 22. Nd4 Bg7 23. Ne6 Rd6 24. Nxg7+ Rxg7 25. Rad1 Kf7 26. g3
Rgg6 27. Kg2 Rge6 28. Rxe6 Kxe6 29. Re1+ Kf7 30. Re5 Nf4+ 31. Bxf4 gxf4 32.
Rf5+ Rf6 33. Rxf4 Rxf4 34. gxf4 Kf6 35. Kf3 Kf5 36. h3 h5 37. Ke3 b6 38. Kf3 b5
39. b4 Kf6 40. Ke4 Ke6 41. f5+ Kf6 42. f4 h4 43. a3 Kg7 44. Kf3 Kf7 45. Kg4 Kf6
46. Kxh4 Kxf5 47. Kg3 Kg6 48. Kg4 Kf6 49. f5 Kg7 50. Kf4 Kf6 51. Ke4 Kg7 52.
Ke5 Kf7 1-0

[Event "Vårsjakken i Tromsø NGP 2024"]
[Site "Tromsø Sjakklubb"]
[Date "2024.03.17"]
[Round "6"]
[White "Rostad, Birk Sæther"]
[Black "Halvorsen, Benjamin"]
[Result "1-0"]
[WhiteElo "1955"]
[BlackElo "1848"]
[PlyCount "121"]
[EventDate "2024.??.??"]

1. b4 e6 2. a3 Nf6 3. Bb2 d5 4. Nf3 c5 5. bxc5 Bxc5 6. e3 O-O 7. c4 b6 8. cxd5
Nxd5 9. g3 Ba6 10. Bxa6 Nxa6 11. O-O Be7 12. Nc3 Bf6 13. Rc1 Nc5 14. Qc2 Nxc3
15. Bxc3 Bxc3 16. Qxc3 Qd5 17. d4 Ne4 18. Qc6 Rfd8 19. Ne5 f6 20. Nd3 Rd6 21.
Qxd5 exd5 22. Rc7 Nd2 23. Rfc1 Nc4 24. a4 a6 25. Nf4 Nb2 26. Rb7 g5 27. Nh5 Nc4
28. Rg7+ Kh8 29. Rf7 Kg8 30. Rxf6 Rad8 31. Rf5 h6 32. Nf6+ Kg7 33. Nxd5 Rxd5
34. Rxd5 Rxd5 35. Rxc4 Ra5 36. Rb4 b5 37. axb5 axb5 38. e4 Kf6 39. f4 g4 40.
Rb2 Ra1+ 41. Kg2 Ra4 42. e5+ Kf7 43. d5 b4 44. Kf2 Ra5 45. d6 Ke6 46. Ke3 Rb5
47. Kd4 b3 48. Kc4 Rd5 49. Kxb3 h5 50. Kc4 Rd1 51. Rb7 Rc1+ 52. Kd3 Rd1+ 53.
Ke3 Re1+ 54. Kf2 Rd1 55. Re7+ Kf5 56. d7 Ke4 57. Ke2 Rd3 58. Rh7 Re3+ 59. Kd2
Rd3+ 60. Kc2 Rd5 61. e6 1-0

[Event "Vårsjakken i Tromsø NGP 2024"]
[Site "Tromsø Sjakklubb"]
[Date "2024.03.17"]
[Round "6"]
[White "Remman, Frank Robert"]
[Black "Wernberg, Nikolai Olsen"]
[Result "1/2-1/2"]
[WhiteElo "1890"]
[BlackElo "1881"]
[PlyCount "213"]
[EventDate "2024.??.??"]

1. d4 d5 2. c4 dxc4 3. Nf3 Nf6 4. e3 b5 5. a4 b4 6. Bxc4 e6 7. O-O Be7 8. Nbd2
O-O 9. e4 Bb7 10. e5 Nd5 11. a5 a6 12. Nb3 Nd7 13. Bd3 c5 14. dxc5 Qc7 15. Qe2
Nxc5 16. Nxc5 Bxc5 17. Bxh7+ Kh8 18. Bd3 g6 19. Bh6 Rfd8 20. Rfc1 Kh7 21. Bd2
Rdc8 22. Ng5+ Kg8 23. Ne4 Qe7 24. Bg5 Qf8 25. Qg4 Be7 26. h4 Bxg5 27. Qxg5 Qd8
28. Qg4 Ne3 29. Qe2 Ng4 30. Ng5 Nxe5 31. Be4 Rxc1+ 32. Rxc1 Bd5 33. Rd1 Qd6 34.
Bxd5 exd5 35. Ne4 Qe6 36. Ng5 Qf6 37. Rxd5 Nc6 38. Qd2 Rd8 39. g3 Kg7 40. b3
Qe7 41. Kg2 Qc7 42. Ne4 Rxd5 43. Qxd5 Nxa5 44. Qd4+ Kf8 45. Qh8+ Ke7 46. Qf6+
Kf8 47. Qh8+ Ke7 48. Qf6+ Kf8 49. Qxa6 Qc6 50. Qxa5 Qxe4+ 51. Kh2 Qd4 52. Qa8+
Kg7 53. Qf3 Qc3 54. Qd5 Qb2 55. Kg2 Qc3 56. Kf1 Qc1+ 57. Ke2 Qc2+ 58. Ke3 Qc3+
59. Qd3 Qe5+ 60. Kf3 Qf6+ 61. Ke4 Qe6+ 62. Kd4 Qd6+ 63. Kc4 Qa6+ 64. Kd4 Qd6+
65. Ke3 Qe5+ 66. Kf3 Qf6+ 67. Kg2 Qc3 68. Qd5 Qb2 69. h5 gxh5 70. Qg5+ Kf8 71.
Qc5+ Kg7 72. Qxb4 h4 73. gxh4 Qb1 74. Qg4+ Kh6 75. b4 f5 76. Qf4+ Kh7 77. h5
Qd3 78. Qf3 Qd7 79. Qf4 Qg7+ 80. Kh3 Qf7 81. Qg5 Qd5 82. Qg6+ Kh8 83. Kh2 Qe4
84. b5 Qh4+ 85. Kg2 Qe4+ 86. Kg3 f4+ 87. Kh2 Qe7 88. Qh6+ Kg8 89. Qxf4 Qc5 90.
Qg4+ Kh8 91. f4 Qxb5 92. Qg5 Qe2+ 93. Kg3 Qe1+ 94. Kg4 Qg1+ 95. Kf5 Qc5+ 96.
Kg6 Qc2+ 97. f5 Qc7 98. Qf6+ Kg8 99. Qe6+ Kf8 100. h6 Qh7+ 101. Kh5 Qc7 102.
Qf6+ Kg8 103. Qg6+ Kh8 104. Kg5 Qg3+ 105. Kf6 Qd6+ 106. Kf7 Qe7+ 107. Kxe7
1/2-1/2

[Event "Vårsjakken i Tromsø NGP 2024"]
[Site "Tromsø Sjakklubb"]
[Date "2024.03.17"]
[Round "7"]
[White "Skagseth, Håvard M."]
[Black "Hammari, Vinjar"]
[Result "0-1"]
[WhiteElo "2046"]
[BlackElo "1997"]
[PlyCount "92"]
[EventDate "2024.??.??"]

1. e4 c6 2. Nc3 d5 3. Nf3 dxe4 4. Nxe4 Nf6 5. Nxf6+ exf6 6. d4 Bd6 7. Bd3 O-O
8. O-O Re8 9. h3 Be6 10. Be3 Nd7 11. c4 Nf8 12. Qd2 Ng6 13. Rad1 Qd7 14. Nh2
Nh4 15. Bf4 Bxh3 16. Bxd6 Bxg2 17. Bg3 Qh3 18. Bxh4 Bxf1 19. Bxf1 Qxh4 20. Qd3
Rad8 21. Bg2 g6 22. d5 cxd5 23. cxd5 Qb4 24. Qd2 Qc4 25. b3 Qa6 26. Ng4 f5 27.
Ne3 h5 28. a4 Qf6 29. Qd3 f4 30. Nc4 Rd7 31. Nd2 Rc8 32. Bh3 Qg5+ 33. Kh2 Rxd5
34. Qf3 Re8 35. Rg1 Qd8 36. Nc4 b5 37. axb5 Rxb5 38. Qxf4 Re7 39. Qf6 Qc7+ 40.
Nd6 Kh7 41. Rc1 Qxc1 42. Qxe7 Qf4+ 43. Kh1 Rxb3 44. Nxf7 Rxh3+ 45. Kg1 Qg4+ 46.
Kf1 Rh1# 0-1

[Event "Vårsjakken i Tromsø NGP 2024"]
[Site "Tromsø Sjakklubb"]
[Date "2024.03.17"]
[Round "7"]
[White "Valvåg, Torbjørn"]
[Black "Rostad, Birk Sæther"]
[Result "1-0"]
[WhiteElo "2028"]
[BlackElo "1955"]
[PlyCount "51"]
[EventDate "2024.??.??"]

1. d4 d5 2. Nf3 Nf6 3. Bf4 e6 4. e3 c5 5. Nbd2 Bd6 6. c3 Nc6 7. Bg3 O-O 8. Bd3
b6 9. Qe2 Bb7 10. Rd1 Re8 11. e4 Be7 12. e5 Nd7 13. h4 f5 14. exf6 Bxf6 15.
Bxh7+ Kxh7 16. Ng5+ Kg8 17. Qh5 Bxg5 18. hxg5 Nf6 19. gxf6 Qxf6 20. Nf3 Kf8 21.
Bd6+ Ne7 22. Ne5 g6 23. Nxg6+ Kf7 24. Ne5+ Kg8 25. Qh7+ Kf8 26. Nd7# 1-0

[Event "Vårsjakken i Tromsø NGP 2024"]
[Site "Tromsø Sjakklubb"]
[Date "2024.03.17"]
[Round "7"]
[White "Tørfoss, Sivert Schanche"]
[Black "Halvorsen, Benjamin"]
[Result "1-0"]
[WhiteElo "1993"]
[BlackElo "1848"]
[PlyCount "81"]
[EventDate "2024.??.??"]

1. d4 f5 2. Nf3 Nf6 3. g3 e6 4. Bg2 d5 5. O-O Bd6 6. b3 Qe7 7. Bb2 O-O 8. c4 c6
9. Nbd2 b6 10. Ne5 Bb7 11. Rc1 c5 12. e3 Nbd7 13. Nxd7 Qxd7 14. Qe2 g5 15. Rfd1
Qf7 16. cxd5 exd5 17. dxc5 bxc5 18. Nc4 Be7 19. Na5 Bc8 20. Bxf6 Qxf6 21. Bxd5+
Be6 22. Bxa8 Rxa8 23. Nc6 Bf8 24. Qf3 Rc8 25. Nxa7 Rc7 26. Nb5 Rg7 27. Qc6 Qf7
28. Nc7 Bxb3 29. axb3 Qxc7 30. Qxc7 Rxc7 31. b4 c4 32. b5 c3 33. b6 Rb7 34.
Rxc3 Rxb6 35. Rd8 Rb7 36. Rc5 Rf7 37. g4 fxg4 38. Rxg5+ Rg7 39. Rxg7+ Kxg7 40.
Rxf8 Kxf8 41. Kg2 1-0

[Event "Vårsjakken i Tromsø NGP 2024"]
[Site "Tromsø Sjakklubb"]
[Date "2024.03.17"]
[Round "7"]
[White "Hegelund, Ole Jakob"]
[Black "Wernberg, Nikolai Olsen"]
[Result "1-0"]
[WhiteElo "1838"]
[BlackElo "1881"]
[PlyCount "67"]
[EventDate "2024.??.??"]

1. e4 c5 2. Nf3 e6 3. d4 cxd4 4. Nxd4 Nc6 5. Be2 Qc7 6. O-O Nf6 7. Nc3 a6 8.
Nxc6 bxc6 9. Be3 d5 10. exd5 exd5 11. Bg5 Be7 12. Bf3 O-O 13. Qd3 Be6 14. Rfe1
Rfd8 15. Ne2 h6 16. Bf4 Bd6 17. Bxd6 Qxd6 18. Nd4 c5 19. Nxe6 fxe6 20. c4 Rab8
21. b3 d4 22. Re2 a5 23. Rae1 Re8 24. Re5 a4 25. g3 axb3 26. axb3 Qb6 27. Qg6
Kf8 28. Bg4 Nxg4 29. Rxe6 Rxe6 30. Rxe6 Qxb3 31. Qxg4 Qxc4 32. Qf4+ Kg8 33.
Qxb8+ Kf7 34. Qe8# 1-0

[Event "Vårsjakken i Tromsø NGP 2024"]
[Site "Tromsø Sjakklubb"]
[Date "2024.03.17"]
[Round "7"]
[White "Røyset, Pål Nikolai"]
[Black "Remman, Frank Robert"]
[Result "0-1"]
[WhiteElo "2070"]
[BlackElo "1890"]
[PlyCount "156"]
[EventDate "2024.??.??"]

1. d4 Nf6 2. Bg5 d5 3. Bxf6 exf6 4. e3 c5 5. Nf3 Nc6 6. Be2 Be6 7. O-O Qb6 8.
b3 Bd6 9. Nc3 cxd4 10. Nb5 Be7 11. exd4 O-O 12. h3 a6 13. Nc3 Rfd8 14. Na4 Qa7
15. a3 Rac8 16. b4 Nb8 17. Bd3 b6 18. Re1 Re8 19. Qd2 Bd6 20. Nc3 Qd7 21. Bf1
Qc7 22. Nd1 Qxc2 23. Qxc2 Rxc2 24. Bd3 Rcc8 25. Ne3 g6 26. g3 Re7 27. Bf1 Rec7
28. Nd2 Kg7 29. Bg2 Nc6 30. Nb3 Ne7 31. Bf1 Rc3 32. Reb1 a5 33. bxa5 bxa5 34.
Nd1 R3c7 35. Nxa5 Ra8 36. Nb7 Bxa3 37. Nd6 Rca7 38. Nb5 Ra5 39. Nc7 R8a7 40.
Ne8+ Kh6 41. Nxf6 Nf5 42. Nc3 Nxd4 43. Rd1 Bc5 44. Rxa5 Rxa5 45. Nfxd5 Nf5 46.
g4 Nh4 47. Be2 Ra3 48. Ne4 Ba7 49. g5+ Kg7 50. Ndf6 Bb6 51. Rb1 Bc7 52. Ne8+
Kf8 53. Nxc7 Bxh3 54. Nd5 Ra8 55. Nd6 Rd8 56. Nf6 Ke7 57. Nde4 Bf5 58. Rb7+ Ke6
59. Rb6+ Ke5 60. Rb5+ Kf4 61. Rb4 Nf3+ 62. Kh1 Nd4 63. Nc3 Kxg5 64. Nxh7+ Kh6
65. Nf6 Kg7 66. Rb6 Rc8 67. Ncd5 Nxe2 68. Ne7 Rc1+ 69. Kg2 Be6 70. Ne4 Rc7 71.
Rb2 Nf4+ 72. Kf3 Nd3 73. Rd2 Ne5+ 74. Kf4 Rxe7 75. Kxe5 Bf5+ 76. Kd6 Rxe4 77.
f3 Re3 78. Rf2 Kf6 0-1